MDQL
is popping MORE tags! Check the
thread
!
Quizzes
Events
Quiz Creation
Community
Videos
Private Events
Remove Ads
Sign In
Join for FREE
Feedback
Dark Mode
Quiz Categories
Sports
Geography
Music
Movies
Television
Just For Fun
Miscellaneous
History
Literature
Language
Science
Gaming
Entertainment
Religion
Holiday
For Kids
Quiz Lab
Recent
Popular Today
Quiz Kudos Today
Editor Picks
Curator Picks
Quizzes by...
Day
Popularity
Type
Ratings
Length
Year
Community
Subscriptions
Recent Discussions
Orange Saloon
Badges
Playlists
Quests
Create
Leaderboards
Showdown
Live 5
Trivia Bingo
Activity
Puzzle Library
Sporcle Events
Private Events
Virtual Trivia
Globe League
Become a Host
Pub Owners
SporcleCon
Opinionation
Our Games
Videos
Blog
Mobile Apps
Partnerships
Remove Ads and Go Orange
Feedback
Television
TV Characters
TV Show
Sitcom
Network
Friends
Reality Shows
Cast
South Park
Star Trek
The Simpsons
Doctor Who
Television
TV Characters
TV Show
Sitcom
Network
Friends
Reality Shows
Cast
South Park
Star Trek
The Simpsons
Doctor Who
Random Quiz
Search Sporcle
×
Quiz Lab
Quiz Lab
Television
Quote
Select answers by clicking on text or image buttons
Select answers by clicking on text or image buttons
Clickable
Best Score? Go Orange.
Spongebob Episode by Quote Stats
Can you name the Spongebob Episode by Quote?
By
LeichhaTiger
7m
30 Questions
923 Plays
923 Plays
923 Plays
Comments
Comments
Give Quiz Kudos
Give Quiz Kudos
-
- Ratings
hide this ad
Forced Order
Answers have to be entered in order
Answers have to be entered in order
Replay
Link that replays current quiz
Next Quiz
Link to next quiz in quiz playlist
You Got
0%
They Got
Avg Score
64%
Avg Friend Score
Upgrade to see
Score Distribution
Jump to the score distribution portion of the page
Score
0/30
Timer
07:00
0
Plays Today
% Correct
Band Geeks
82.2%
Chocolate with Nuts
72.7%
Squirrel Jokes
69%
Sailor Mouth
69%
The Camping Episode
68.7%
Dying for Pie
68.6%
Ripped Pants
68.4%
Spongebob Meets the Strangler
67.9%
SB-129
67.9%
Squidward the Unfriendly Ghost
67.4%
Help Wanted
67.3%
Sandy, Spongebob & the Worm
67.1%
Pizza Delivery
66.2%
The Great Snail Race
66.1%
New Student Starfish
64.4%
% Correct
Suds
64.4%
Squidville
64.4%
Mid-Life Crustacean
64.1%
Survival of the Idiots
63.1%
Nasty Patty
62.9%
Graveyard Shift
62.8%
Imitation Krabs
62.6%
Opposite Day
61.5%
Krusty Krab Training Video
61.2%
Krab Borg
59.5%
Wet Painters
59.1%
Frankendoodle
58.3%
The Secret Box
55.9%
Idiot Box
50.8%
Sandy's Rocket
45.8%
Quiz Playlist
Details
Report
Send in Message
Add To Playlist
Clickable:
Select answers by clicking on text or image buttons
Forced Order:
Answers have to be entered in order
Last Updated: Jul 15, 2017
Quiz Scoreboard
CHALLENGE
Sign Up to Join the Scoreboard
Show All
Scores
Hide
Comments
May contain spoilers
Recently Published
Find the 'City' Movie
by crazypaving
Movies
60s
5x2 Blitz: Bands
by SL_Kpop136
Music
30s
Colored Red Africa Blitz
by spor1
Geography
30s
More to Explore
Quiz From the Vault
Featured Blog Post
14 Easter Pick-up Lines to Find Eggs With
hide this ad
You Might Also Like...
Tags
Quote Quiz
Kid Shows
Nickelodeon
SpongeBob
TV Quotes
Today's Top Quizzes in Television
Browse Television
hide this ad
Today's Top Quizzes in Quote
Browse Quote
Top Contributed Quizzes in Television
1
Survivor Journey Challenge
2
Brooklyn Nine Nine Logic Puzzle (How-To-Play)
3
Phoebe Buffay Quotes
4
Survivor Trivia
5
Total Drama Characters
6
Survivor Logic Puzzle: Heroes vs. Villains
7
One Tree Hill Logic Puzzle
8
Survivor Heroes vs. Villains Logic Puzzle
9
All US Survivor Seasons in Order
10
Adjectives in 00s TV Shows
Explore More
Trending Topics
NBA
Anime
Crossword
Kpop
Harry Potter
Disney
Marvel
WWE
NFL
Puzzle
Pokémon
The Office
Song
Soccer
Country
hide this ad
More By:
LeichhaTiger
Quiz
Plays
Rating
Category
Featured
Created
Undertale Characters First Lines
28,415
4.79
Gaming
Mar 17, 2016
NRL Top 10's
11,917
4.50
Sports
Feb 28, 2016
NRL Starting Fullbacks 2018
8,161
5.00
Sports
Apr 1, 2018
NRL Top Try Scorers 2017
2,857
5.00
Sports
Sep 6, 2017
Yu-Gi-Oh! Duel Links Characters
2,772
5.00
Gaming
Aug 30, 2017
Go to Creator's Profile
Score Distribution
Quiz Creator Spotlight
LeichhaTiger
Follow
Send a Message
Quizzes Created
-
Created Quiz Play Count
-
More By This Creator
Popular Quizzes Today
1
Colored Red Africa Blitz
2
Find the 'City' Movie
3
Find the US States - No Outlines Minefield
4
5x2 Blitz: Bands
5
The Countries of the World
6
Find the US States
7
Find the Countries of Europe - No Outlines Minefield
8
US States
More Television Quizzes
TWD S6 - Who Survived?
Quiz Lab
Trending Quizzes
Colored Red Europe Blitz I
Colored Red Europe Blitz II
Colored Red Africa Blitz II
Colored Red Europe Blitz III
Colored Red Africa Blitz III
Recently Updated
How Do You Spell That?
pecheneg
Godzilla Movies
pecheneg
Grab Bag: 4-10 Letters
pecheneg
2024 March Madness Bracket
pecheneg
Famous TV Couples
Peacemaker
Champions League XIs: Real Madrid
pecheneg
Largest US Cities 1790-2010
pecheneg
Rides in Walt Disney World
pecheneg
Most Oscar Losses (Acting)
pecheneg
Beyoncé Albums
pecheneg
Trending Topics
Kpop
Disney
Harry Potter
Crossword
Anime
Marvel
NBA
Pokémon
Puzzle
The Office
Song
NFL
Country
WWE
Soccer
Your Account Isn't Verified!
In order to create a playlist on Sporcle, you need to verify the email address you used during registration. Go to your
Sporcle Settings
to finish the process.
Report this User
Report this user for behavior that violates our
Community Guidelines
.
Details:
Send Report
Go to the Sporcle.com Mobile Site →
Comments